Caritas, Exhibition on Occasion of the 50th Anniversary of the (Christmas Seals) (Record no. 2826)

000 -LEADER
fixed length control field 00383nam a22000977a 4500
008 - FIXED-LENGTH DATA ELEMENTS--GENERAL INFORMATION
fixed length control field 181001b ||||| |||| 00| 0 eng d
100 ## - MAIN ENTRY--AUTHOR'S NAME
Author's Name Julemaerkekomiteen (Denmark).
245 ## - TITLE STATEMENT
Title Caritas, Exhibition on Occasion of the 50th Anniversary of the (Christmas Seals)
260 ## - PUBLICATION, DISTRIBUTION, ETC. (IMPRINT)
Place of publication, distribution, etc. Kopenhagen, Denmark
Name of publisher, distributor, etc. Grundtvigs Hus
Date of publication, distribution, etc. 1953
650 ## - TOPICAL TERM (Tag)
Topical term or geographic name Catalogs | Foreign Exhibitions | Denmark | Christmas Seals
Holdings
Withdrawn status Lost status Source of classification or shelving scheme Damaged status Koha normalized classification for sorting Not for loan Collection code Permanent Location Current Location Shelving location Date acquired Total Checkouts Full call number Barcode Date last seen Copy number Price effective from
        G6921 C555 J94     Northern Philatelic Library Northern Philatelic Library General Stacks 10/01/2018   G6921 C555 J94 1005217 10/01/2018 1 10/01/2018

Powered by Koha